|
|
|
|
| LEADER |
00000cam a2200000 c 4500 |
| 001 |
04048758X |
| 003 |
DE-627 |
| 005 |
20260206193023.0 |
| 007 |
tu |
| 008 |
880610s1986 ag ||||| 00| ||spa c |
| 020 |
|
|
|a 9506790086
|9 950-679-008-6
|
| 035 |
|
|
|a (DE-627)04048758X
|
| 035 |
|
|
|a (DE-603)102856818
|
| 035 |
|
|
|a (DE-576)01417412X
|
| 035 |
|
|
|a (DE-599)GBV04048758X
|
| 035 |
|
|
|a (OCoLC)14874443
|
| 035 |
|
|
|a (OCoLC)230926654
|
| 035 |
|
|
|a (DE-604)8008036039
|
| 040 |
|
|
|a DE-627
|b ger
|c DE-627
|e rakwb
|
| 041 |
|
|
|a spa
|
| 044 |
|
|
|c XD-AR
|
| 082 |
0 |
|
|a 364.10922
|q OCLC
|
| 084 |
|
|
|a IM 6880
|2 rvk
|0 (DE-625)rvk/61091:
|
| 084 |
|
|
|a 18.31
|2 bkl
|
| 084 |
|
|
|a 17.59
|2 bkl
|
| 100 |
1 |
|
|a Escobar, Raúl T.
|4 aut
|
| 245 |
1 |
0 |
|a Diccionario del hampa y del delito
|b lunfardo latinoamericano, drogadicción, "punk?", insurrección, mitología, voces vulgares y populares
|c Raúl Tomás Escobar
|
| 264 |
|
1 |
|a Buenos Aires
|b Ed. Univ.
|c 1986
|
| 300 |
|
|
|a 345 S.
|b Ill.
|
| 336 |
|
|
|a Text
|b txt
|2 rdacontent
|
| 337 |
|
|
|a ohne Hilfsmittel zu benutzen
|b n
|2 rdamedia
|
| 338 |
|
|
|a Band
|b nc
|2 rdacarrier
|
| 505 |
8 |
|
|a Literaturverz. S. [343] - 345
|
| 505 |
8 |
|
|a Literaturverz. S. [343] - 345
|
| 583 |
1 |
|
|a Massenentsäuert
|c 2015
|2 pdager
|5 DE-18
|
| 583 |
1 |
|
|a Archivierung prüfen
|c 20200919
|f DE-640
|z 1
|2 pdager
|
| 655 |
|
7 |
|a Wörterbuch
|0 (DE-588)4066724-8
|0 (DE-627)104682620
|0 (DE-576)209166061
|2 gnd-content
|
| 689 |
0 |
0 |
|d s
|0 (DE-588)4159976-7
|0 (DE-627)104130865
|0 (DE-576)209854316
|a Hispanoamerikanisch
|2 gnd
|
| 689 |
0 |
1 |
|d s
|0 (DE-588)4058326-0
|0 (DE-627)106147692
|0 (DE-576)209125772
|a Subkultur
|2 gnd
|
| 689 |
0 |
2 |
|d s
|0 (DE-588)4066724-8
|0 (DE-627)104682620
|0 (DE-576)209166061
|a Wörterbuch
|2 gnd
|
| 689 |
0 |
|
|5 DE-101
|
| 689 |
1 |
0 |
|d g
|0 (DE-588)4074032-8
|0 (DE-627)104571632
|0 (DE-576)209192224
|a Lateinamerika
|2 gnd
|
| 689 |
1 |
1 |
|d s
|0 (DE-588)4077640-2
|0 (DE-627)106079557
|0 (DE-576)20920589X
|a Spanisch
|2 gnd
|
| 689 |
1 |
2 |
|d s
|0 (DE-588)4066724-8
|0 (DE-627)104682620
|0 (DE-576)209166061
|a Wörterbuch
|2 gnd
|
| 689 |
1 |
3 |
|d s
|0 (DE-588)4187122-4
|0 (DE-627)105274607
|0 (DE-576)210043741
|a Unterwelt
|g Soziologie
|2 gnd
|
| 689 |
1 |
|
|5 DE-101
|
| 689 |
2 |
0 |
|d g
|0 (DE-588)4002890-2
|0 (DE-627)106391658
|0 (DE-576)208849157
|a Argentinien
|2 gnd
|
| 689 |
2 |
1 |
|d s
|0 (DE-588)4077640-2
|0 (DE-627)106079557
|0 (DE-576)20920589X
|a Spanisch
|2 gnd
|
| 689 |
2 |
2 |
|d s
|0 (DE-588)4019464-4
|0 (DE-627)104791659
|0 (DE-576)208929533
|a Gaunersprache
|2 gnd
|
| 689 |
2 |
|
|5 DE-101
|
| 689 |
3 |
0 |
|d s
|0 (DE-588)136801593X
|0 (DE-627)1927797624
|a Lunfardo
|2 gnd
|
| 689 |
3 |
|
|5 DE-101
|
| 689 |
4 |
0 |
|d s
|0 (DE-588)4159976-7
|0 (DE-627)104130865
|0 (DE-576)209854316
|a Hispanoamerikanisch
|2 gnd
|
| 689 |
4 |
1 |
|d s
|0 (DE-588)4058326-0
|0 (DE-627)106147692
|0 (DE-576)209125772
|a Subkultur
|2 gnd
|
| 689 |
4 |
|
|5 (DE-627)
|
| 689 |
5 |
0 |
|d s
|0 (DE-588)4159976-7
|0 (DE-627)104130865
|0 (DE-576)209854316
|a Hispanoamerikanisch
|2 gnd
|
| 689 |
5 |
1 |
|d s
|0 (DE-588)4187122-4
|0 (DE-627)105274607
|0 (DE-576)210043741
|a Unterwelt
|g Soziologie
|2 gnd
|
| 689 |
5 |
|
|5 (DE-627)
|
| 689 |
6 |
0 |
|d g
|0 (DE-588)4002890-2
|0 (DE-627)106391658
|0 (DE-576)208849157
|a Argentinien
|2 gnd
|
| 689 |
6 |
1 |
|d s
|0 (DE-588)4271812-0
|0 (DE-627)104496894
|0 (DE-576)210684739
|a Caló
|2 gnd
|
| 689 |
6 |
|
|5 (DE-627)
|
| 689 |
7 |
0 |
|d s
|0 (DE-588)136801593X
|0 (DE-627)1927797624
|a Lunfardo
|2 gnd
|
| 689 |
7 |
|
|5 (DE-627)
|
| 935 |
|
|
|i Blocktest
|
| 935 |
|
|
|h HEB
|i 0501
|
| 935 |
|
|
|h HEB
|i 0503
|
| 936 |
r |
v |
|a IM 6880
|b Fachwörterbücher
|k Romanistik
|k Spanische Sprache und Literatur
|k Spanische Sprache
|k Neuspanisch
|k Wortkunde, Lexikologie, Lexikographie
|k Wörterbücher
|k Fachwörterbücher
|0 (DE-627)1271224631
|0 (DE-625)rvk/61091:
|0 (DE-576)201224631
|
| 936 |
b |
k |
|a 18.31
|j Spanische Sprache
|0 (DE-627)106415506
|
| 936 |
b |
k |
|a 17.59
|j Lexikologie
|0 (DE-627)106404938
|
| 936 |
s |
n |
|a i100
|2 mzub
|
| 936 |
s |
n |
|a m200
|2 mzub
|
| 951 |
|
|
|a BO
|
| ELC |
|
|
|b 1
|
| LOK |
|
|
|0 000 xxxxxcx a22 zn 4500
|
| LOK |
|
|
|0 001 3292904676
|
| LOK |
|
|
|0 003 DE-627
|
| LOK |
|
|
|0 004 04048758X
|
| LOK |
|
|
|0 005 20151027132114
|
| LOK |
|
|
|0 008 880610||||||||||||||||ger|||||||
|
| LOK |
|
|
|0 040
|a DE-21
|c DE-627
|d DE-21
|
| LOK |
|
|
|0 852
|a DE-21
|
| LOK |
|
|
|0 852 1
|c KB 18 A 3664
|9 00
|
| LOK |
|
|
|0 935
|a krim
|
| LOK |
|
|
|0 939
|a 10-06-88
|b l01
|
| ORI |
|
|
|a SA-MARC-krimdoka001.raw
|
| SIG |
|
|
|a UB: KB 18 A 3664
|
| TIM |
|
|
|a 100018160101_100020261231
|b 1816 - 2026
|